000 00279nam a22000977a 4500
008 231013b |||||||| |||| 00| 0 eng d
020 _a9780143453604
100 _aMurphy Joesph
_97716
245 _aThe Power of Your Sub Conscious Mind
260 _aHaryana
_bPenguin Random House
_c2021
999 _c12448
_d12448